Математическое моделирование возникновения и распространения верховых лесных пожаров; Ресурсоэффективные системы в управлении и контроле: взгляд в будущее

Bibliographische Detailangaben
Parent link:Ресурсоэффективные системы в управлении и контроле: взгляд в будущее.— 2021.— [С. 117]
1. Verfasser: Сысолов К. В.
Körperschaft: Национальный исследовательский Томский политехнический университет Инженерная школа неразрушающего контроля и безопасности Отделение контроля и диагностики
Weitere Verfasser: Перминов В. А. Валерий Афанасьевич (научный руководитель)
Zusammenfassung:Заглавие с экрана
Sprache:Russisch
Veröffentlicht: 2021
Schlagworte:
Online-Zugang:http://earchive.tpu.ru/handle/11683/69947
Format: Elektronisch Buchkapitel
KOHA link:https://koha.lib.tpu.ru/cgi-bin/koha/opac-detail.pl?biblionumber=634129

MARC

LEADER 00000naa2a2200000 4500
001 634129
005 20231101133809.0
035 |a (RuTPU)RU\TPU\conf\35882 
035 |a RU\TPU\conf\35880 
090 |a 634129 
100 |a 20220222d2021 k y0rusy50 ca 
101 0 |a rus 
102 |a RU 
105 |a y z 101zy 
135 |a drgn ---uucaa 
181 0 |a i  
182 0 |a b 
200 1 |a Математическое моделирование возникновения и распространения верховых лесных пожаров  |f К. В. Сысолов  |g науч. рук. В. А. Перминов 
203 |a Текст  |c электронный 
230 |a 1 компьютерный файл (pdf; 805 Kb) 
300 |a Заглавие с экрана 
320 |a [Библиогр.: с. 117 (2 назв.)] 
463 0 |0 (RuTPU)RU\TPU\conf\35848  |t Ресурсоэффективные системы в управлении и контроле: взгляд в будущее  |o сборник научных трудов X Международной конференции школьников, студентов, аспирантов, молодых ученых, 9-11 ноября 2021 г., г. Томск  |f Национальный исследовательский Томский политехнический университет (ТПУ)  |v [С. 117]  |d 2021 
610 1 |a электронный ресурс 
610 1 |a труды учёных ТПУ 
610 1 |a математическое моделирование 
610 1 |a возникновение 
610 1 |a распространение 
610 1 |a верховые пожары 
610 1 |a лесные пожары 
610 1 |a профилактические мероприятия 
700 1 |a Сысолов  |b К. В. 
702 1 |a Перминов  |b В. А.  |c специалист в области экологии и безопасности жизнедеятельности  |c профессор Томского политехнического университета, доктор физико-математических наук  |f 1958-  |g Валерий Афанасьевич  |2 stltpush  |4 727 
712 0 2 |a Национальный исследовательский Томский политехнический университет  |b Инженерная школа неразрушающего контроля и безопасности  |b Отделение контроля и диагностики  |h 7978  |2 stltpush  |3 (RuTPU)RU\TPU\col\23584 
801 2 |a RU  |b 63413507  |c 20220304  |g RCR 
856 4 |u http://earchive.tpu.ru/handle/11683/69947 
942 |c BK